Moixeró - La Tosa : Parc Natural del Cadí-Moixeró / mapa i guia excursionista i turística: Geògraf Salvador Llobet Edicions Cartogràfiques, Societat Gestora d'Informació Territorial Geoestel ; revisió del mapa: Joan Cunill Grasa ... [et al.] ; itineraris: Joan Cunill Grasa (excursions a peu) ... [et al.] Parc Natural del Cadí-Moixeró / mapa i guia excursionista i turística:
MARC
| LEADER | 00000nam a2200000Ia 4500 | ||
|---|---|---|---|
| 001 | 15518 | ||
| 008 | 160829s9999 xx 000 0 cat d | ||
| 020 | |a 84-8090-025-3 | ||
| 080 | |a FU-35-60 | ||
| 245 | |a Moixeró - La Tosa : |b Parc Natural del Cadí-Moixeró / mapa i guia excursionista i turística: |b Geògraf Salvador Llobet Edicions Cartogràfiques, Societat Gestora d'Informació Territorial Geoestel ; revisió del mapa: |b Joan Cunill Grasa ... [et al.] ; itineraris: |b Joan Cunill Grasa (excursions a peu) ... [et al.] | ||
| 260 | |a Granollers : |b Alpina ; [Barcelona] : |b Diputació de Barcelona, Xarxa de Municipis, DL 2002 | ||
| 300 | |a 36 p. ; |c 21 cm + 1 mapa pleg. : escala 1:25000 ; |c 67 x 84 cm | ||
| 590 | |a Hi ha el mapa rasteritzat en format pdf a R. 22248 | ||
| 650 | |a Parc Natural del Cadí-Moixeró |x Circuits turístics |9 39592 | ||
| 650 | |a Parc Natural del Cadí-Moixeró |x Guies |9 39593 | ||
| 650 | |a Parc Natural del Cadí-Moixeró |x Mapes |9 39594 | ||
| 700 | |a Cunill Grasa, Joan, rev. |9 39595 | ||
| 710 | 2 | |a Geoestel (Firma) |9 54343 | |
| 710 | 2 | |a Geògraf Salvador Llobet, Edicions Cartogràfiques |9 55770 | |
| 901 | |a Arxiu | ||
| 942 | |n 1 | ||
| 952 | |0 0 |1 0 |4 0 |6 FU3560 |7 1 |9 49100 |a Arxiu |b Arxiu |d 2016-12-01 |l 0 |o FU-35-60 |p 15518 |r 2016-12-01 00:00:00 |w 2016-12-01 |y ARXIU | ||
| 999 | |c 52937 |d 52937 | ||